LIBRARY ONLINE CATALOGUE

Schaum's outline of theory and problems of physical chemistry. (Record no. 3066)

MARC details
000 -LEADER
fixed length control field 00616nam a22002052 4500
001 - CONTROL NUMBER
control field 0000006166
005 - DATE AND TIME OF LATEST TRANSACTION
control field 20151217145830.0
008 - FIXED-LENGTH DATA ELEMENTS--GENERAL INFORMATION
fixed length control field 070921s xx 000 0 eng d
020 ## - INTERNATIONAL STANDARD BOOK NUMBER
International Standard Book Number 007058916X :
Terms of availability KES 885
040 ## - CATALOGING SOURCE
Original cataloging agency KABU
Transcribing agency KABU
100 1# - MAIN ENTRY--PERSONAL NAME
Personal name Metz, Clyde R.
-- 0000082411
245 10 - TITLE STATEMENT
Title Schaum's outline of theory and problems of physical chemistry.
250 ## - EDITION STATEMENT
Edition statement 2nd ed.
260 ## - PUBLICATION, DISTRIBUTION, ETC. (IMPRINT)
Place of publication, distribution, etc. New Delhi :
Name of publisher, distributor, etc. Tata McGraw-Hill,
Date of publication, distribution, etc. 1989.
300 ## - PHYSICAL DESCRIPTION
Extent 500 p.
650 #0 - SUBJECT ADDED ENTRY--TOPICAL TERM
Topical term or geographic name as entry element Chemistry, Physical and theoretical.
-- 0000154243
908 ## - PUT COMMAND PARAMETER (RLIN)
Put command parameter 070921
950 ## - LOCAL HOLDINGS (RLIN)
-- 1
Holdings
Withdrawn status Lost status Source of classification or shelving scheme Not for loan Home library Current library Date acquired Total Checkouts Full call number Barcode Date last seen Date last checked out Price effective from Koha item type
    Library of Congress Classification   Kabarak, Main Campus Kabarak, Main Campus 17/12/2015 10 QD453.2 M48 1989 005007 29/05/2023 24/05/2023 17/12/2015 General Collection
    Library of Congress Classification   Kabarak, Main Campus Kabarak, Main Campus 17/12/2015 7 QD453.2 M48 1989 004993 04/02/2020 20/01/2020 17/12/2015 General Collection